000 00724nam a2200229Ia 4500
001 38920
008 190328s2006 ii g b000 u 465 u
020 _a81-272-2760-9
082 _a574
100 _aBhattacharyya, R.N. .,
_eAuthor.
245 0 _aModern Approach to Biology: Part II /
_cR.N.Bhattacharyya & I.K.Bhattacharyya.
_hTextual Documents
250 _a4th ed. /
260 _aNew Delhi :
_bKalyani Publisher ,
_c2006.
300 _a665p. ;
_c22cm.
653 _aBiology
653 _aModern Biology, Modern Approach to Biology, Biology part II, Biology by R N Bhattacharyya
653 _aT/G-Biology
653 _aT/G-Biology
653 _aG-Biology
700 _aBhattacharyya, I.K. .
942 _2ddc
_cBK
999 _c38892
_d38892